Football : les meilleurs buteurs de Liverpool en ldc au 21ème siècle - Statistiques

Statistiques générales
  • Ce quiz a été pris 103 fois
  • Le résultat moyen est 5 sur 10
Statistiques - réponses
Buts Pays Joueur % Correct
45 Egypte Mohamed Salah
100%
24 Sénégal Sadio Mané
100%
22 Brésil Roberto Firmino
93%
21 Angleterre Steven Gerrard
77%
8 Espagne Fernando Torres
67%
6 Angleterre Michael Owen
37%
9 Pays-Bas Dirk Kuyt
30%
9 Angleterre Peter Crouch
14%
10 Espagne Luis Garcia
13%
7 Pays-Bas Ryan Babel
11%
Aucun quiz correspondant
Distribution des résultats
% des personnes avec chaque résultat
Percentile par nombre de réponses
Votre historique - résultats
Vous n’avez pas pris ce quiz